Slavica

Bibliographic Details
Format: Serial
Language:English
Multiple languages
PhysicalDescription:zv. 24 cm
Published: Debrecen Kossuth Lajos Tudományegyetem 1995-2001
Debrecen Kossuth egyetemi kiadó 1961-
ISSN:0583-5356
Series:Annales Instituti Philologiae Slavicae Universitatis Debreceniensis de Ludovico Kossuth Nominatae

MARC

LEADER 00000nas a2200000 a 4500
001 vtls001218578
003 SK-MaSNL
005 20260221120812.0
008 180129|19619999hu ar 0 0b0eng
022 |a 0583-5356 
035 |a SNK000162253 
040 |a SNK  |b slo  |c SNK  |e AACR2 
041 0 |a mul 
044 |a hu  |c HU 
245 1 |a Slavica 
260 |a Debrecen  |b Kossuth Lajos Tudományegyetem  |c 1995-2001 
260 3 |a Debrecen  |b Kossuth egyetemi kiadó  |c 1961- 
300 |a zv.  |c 24 cm 
310 |a 1x ročne 
362 0 |a 1 (1961)- 
490 0 |a Annales Instituti Philologiae Slavicae Universitatis Debreceniensis de Ludovico Kossuth Nominatae 
500 |a Popis podľa: Roč. XXXII (2003) 
500 |a Do r. 2001 spracované ako monografia 
760 1 |t Annales Instituti Philologiae Slavicae Universitatis Debreceniensis de Ludovico Kossuth Nominatae 
910 |a snk 
999 |c 6567  |d 8497 
952 |0 0  |1 1  |4 0  |7 0  |8 2  |a SNK  |b SNK  |d 2010-03-26  |i snkV 1567/80  |l 0  |o snkČC 1899/16/1979  |p 17A0652788  |r 2026-02-21 19:32:08  |w 2026-02-21  |y PREZ 
952 |0 0  |1 1  |4 0  |7 0  |8 2  |a SNK  |b SNK  |d 2003-04-30  |g 7.44  |i snkV 784/2003  |l 0  |o snkČC 1899/30/2000  |p 17A0380642  |r 2005-01-01 00:00:00  |w 2026-02-21  |y PREZ 
952 |0 0  |1 1  |4 0  |7 0  |8 2  |a SNK  |b SNK  |d 2007-05-15  |g 8.07  |i snk2007/12546  |l 0  |o snkČC 1899/32/2003  |p 17A0548414  |r 2026-02-21 20:14:26  |w 2026-02-21  |y PREZ 
952 |0 0  |1 1  |4 0  |7 0  |8 2  |a SNK  |b SNK  |d 2007-05-15  |g 9.73  |i snk2007/12547  |l 0  |o snkČC 1899/33/2004  |p 17A0548415  |r 2026-02-21 20:14:26  |w 2026-02-21  |y PREZ 
952 |0 0  |1 1  |4 0  |7 0  |8 2  |a SNK  |b SNK  |d 2007-05-15  |g 9.73  |i snk2007/12548  |l 0  |o snkČC 1899/34/2005  |p 17A0548416  |r 2026-02-21 20:14:26  |w 2026-02-21  |y PREZ 
952 |0 0  |1 1  |4 0  |7 0  |8 2  |a SNK  |b SNK  |d 2008-02-05  |g 9.73  |i snk2008/2938  |l 0  |o snkČC 1899/36/2007  |p 17A0574413  |r 2026-02-21 20:39:05  |w 2026-02-21  |y PREZ 
952 |0 0  |1 1  |4 0  |7 0  |8 2  |a SNK  |b SNK  |d 1996-07-26  |i snkV 1224/96  |l 0  |o snkČC 1899/27/1995  |p 17A0006914  |r 2005-01-01 00:00:00  |w 2026-02-21  |y PREZ 
952 |0 0  |1 1  |4 0  |7 0  |8 2  |a SNK  |b SNK  |d 1999-06-04  |i snkV 614/99  |l 0  |o snkČC 1899/28/1997  |p 17A0192243  |r 2005-01-01 00:00:00  |w 2026-02-21  |y PREZ 
952 |0 0  |1 1  |4 0  |7 0  |8 2  |a SNK  |b SNK  |d 2001-07-31  |i snkV 1093/2001  |l 0  |o snkČC 1899/29/1999  |p 17A0307772  |r 2005-01-01 00:00:00  |w 2026-02-21  |y PREZ 
952 |0 0  |1 1  |4 0  |7 0  |8 2  |a SNK  |b SNK  |d 2003-04-24  |i snkV 736/2003  |l 0  |o snkČC 1899/31/2001  |p 17A0378192  |r 2005-01-01 00:00:00  |w 2026-02-21  |y PREZ 
952 |0 0  |1 1  |4 0  |7 0  |a SNK  |b SNK  |d 2001-11-02  |l 0  |o snkČC 1899/2/1962  |p 17A0319595  |r 2005-01-02 00:00:00  |w 2026-02-21  |y PREZ 
952 |0 0  |1 1  |4 0  |7 0  |8 2  |a SNK  |b SNK  |d 2007-06-25  |g 9.73  |i snk2007/15890  |l 0  |o snkČC 1899/35/2006  |p 17A0548953  |r 2026-02-21 21:42:26  |w 2026-02-21  |y PREZ